000 00320nam a2200145Ia 4500
005 20250603145843.0
008 250603s9999 xx 000 0 und d
050 _aB 358 .J8/
100 _aB. Jowett
245 4 _aThe dialogues of plato
260 _bRandom House
260 _c1937
300 _a879 p
942 _cBK
999 _c43056
_d43056